01182cam a2200241 a 4500020003100000020002800031040000800059082002600067245009000093260008100183300003400264490002100298500012000319520027700439650002900716650002900745650002200774650002300796650003900819700002200858700002500880710003500905 a9780230238497 (alk. paper) a0230238491 (alk. paper) cDLC00a338 ROM 2014 C101 Or.04aThe dynamics of local learning in global value chains :bexperiences from East Asia / aHoundmills, Basingstoke, Hampshire ;aNew York :bPalgrave Macmillan,c2011. axvi, 233 p. :bill. ;c23 cm.0 aIDE-JETRO series aA joint research project based at Institute of Developing Economies, Japan External Trade Organization (IDE-JETRO). a"This book investigates the process and mechanism of the capability development of East Asian local manufacturers, which has underpinned their phenomenal rise in the worlds competitive landscape of industrial production during the last few decades"--Provided by publisher. 0aManufacturing industries 0aDiffusion of innovations 0aBusiness networks 0aBusiness logistics 0aInternational business enterprises1 aKawakami, Momoko.1 aSturgeon, Timothy J.2 aAjia Keizai Kenkyūjo (Japan)